[Event "33rd Zalakaros Open 2014"]
[Site "Zalakaros HUN"]
[Date "2014.05.31"]
[Round "9.20"]
[White "Petenyi, Tamas"]
[Black "Tesik, Csaba"]
[Result "1-0"]
[WhiteTitle "IM"]
[BlackTitle "FM"]
[WhiteElo "2448"]
[BlackElo "2329"]
[WhiteFideId "14909090"]
[BlackFideId "735582"]
[EventDate "2014.05.23"]
[EventType "swiss"]

1. e4 e5 2. Nf3 Nc6 3. Bb5 a6 4. Ba4 Nf6 5. Nc3 b5 6. Bb3 d6 7. Ng5 Be6 8. Bxe6
fxe6 9. Nxe6 Qd7 10. Nxf8 Rxf8 11. d3 Nd4 12. O-O Kf7 13. Be3 Kg8 14. Bxd4 exd4
15. Ne2 c5 16. Ng3 d5 17. f3 dxe4 18. fxe4 Ng4 19. Nf5 Ne5 20. Qe1 g6 21. Qg3
Qe6 22. h3 Rae8 23. b3 Kh8 24. Nh4 c4 25. Nf3 Nc6 26. Qc7 Qf6 27. bxc4 bxc4 28.
Nd2 Qe6 29. Nxc4 Rc8 30. Qb6 Rfe8 31. Qc5 Red8 32. Rab1 Rb8 33. Rxb8 Rxb8 34.
Rf8+ 1-0

[Event "33rd Zalakaros Open 2014"]
[Site "Zalakaros HUN"]
[Date "2014.05.31"]
[Round "9.22"]
[White "Meszaros, Tamas"]
[Black "Gara, Anita"]
[Result "1-0"]
[WhiteTitle "IM"]
[BlackTitle "IM"]
[WhiteElo "2438"]
[BlackElo "2326"]
[WhiteFideId "717410"]
[BlackFideId "709751"]
[EventDate "2014.05.23"]
[EventType "swiss"]

1. e4 c5 2. Nf3 e6 3. b3 b6 4. Bb2 Bb7 5. Nc3 Nf6 6. e5 Ne4 7. Nxe4 Bxe4 8. Qe2
Bb7 9. Qe3 Nc6 10. Bd3 Nb4 11. Be4 Be7 12. O-O Nd5 13. Qe1 Qc7 14. c4 Nf4 15.
Qe3 g5 16. d4 O-O-O 17. Rfd1 cxd4 18. Nxd4 a6 19. Ne2 Bc5 20. Bd4 d6 21. Bxc5
Nxe2+ 22. Qxe2 dxc5 23. Bxb7+ Qxb7 24. Rd3 Rd4 25. Rxd4 cxd4 26. Qd3 Rd8 27. Re1
Qc7 28. h3 h6 29. b4 Kb7 30. Re4 Qd7 31. h4 gxh4 32. Rxh4 Qe7 33. Rxd4 Rxd4 34.
Qxd4 a5 35. bxa5 bxa5 36. Qd6 Qg5 37. Qd7+ Kb6 38. Qb5+ Kc7 39. Qxa5+ Kc6 40.
Qb5+ Kc7 41. Qc5+ Kd7 42. Qd4+ Kc8 43. a4 h5 44. a5 Qc1+ 45. Kh2 Qa3 46. Qd6 Qc1
47. Qf8+ Kb7 48. Qxf7+ Ka6 49. Qxe6+ Kxa5 50. Qd5+ Kb4 51. Qd6+ Kb3 52. e6 Qxc4
53. e7 Qh4+ 54. Kg1 Qe4 55. Qb8+ 1-0

[Event "33rd Zalakaros Open 2014"]
[Site "Zalakaros HUN"]
[Date "2014.05.31"]
[Round "9.23"]
[White "Balazs, Gabor2"]
[Black "To, Nhat Minh"]
[Result "1/2-1/2"]
[BlackTitle "IM"]
[WhiteElo "2397"]
[BlackElo "2329"]
[WhiteFideId "731374"]
[BlackFideId "729019"]
[EventDate "2014.05.23"]
[EventType "swiss"]

1. d4 d5 2. c4 c6 3. Nc3 Nf6 4. e3 Bf5 5. Qb3 Qb6 6. Qxb6 axb6 7. cxd5 cxd5 8.
Nf3 Nc6 9. Bb5 Bd7 10. O-O e6 11. Bd2 Bb4 12. Rfc1 Bxc3 13. Bxc3 Ne4 14. Be1 f6
15. b3 Ke7 16. Rc2 Rhc8 17. Rac1 Be8 18. Bd3 Nd6 19. a4 Bg6 20. Bxg6 hxg6 21.
Bd2 Kd7 22. Kf1 g5 23. h3 b5 24. axb5 Nxb5 25. Ne1 Nd6 26. Nd3 b6 27. Ke2 Ra3
28. Rb2 Rca8 29. Rbc2 Rc8 30. Rb2 Rca8 31. Rbc2 1/2-1/2

[Event "33rd Zalakaros Open 2014"]
[Site "Zalakaros HUN"]
[Date "2014.05.31"]
[Round "9.24"]
[White "Gara, Ticia"]
[Black "Rigo, Janos"]
[Result "1-0"]
[WhiteTitle "WGM"]
[BlackTitle "IM"]
[WhiteElo "2338"]
[BlackElo "2266"]
[WhiteFideId "717444"]
[BlackFideId "700371"]
[EventDate "2014.05.23"]
[EventType "swiss"]

1. e4 c5 2. Nf3 Nc6 3. d4 cxd4 4. Nxd4 g6 5. c4 Bg7 6. Be3 d6 7. Nc3 Nf6 8. Be2
O-O 9. O-O Bd7 10. Nc2 Rc8 11. f3 Na5 12. Na3 a6 13. Rc1 Be6 14. Nd5 Nxd5 15.
cxd5 Bxb2 16. dxe6 Bxa3 17. Rxc8 Qxc8 18. Bh6 Qc5+ 19. Kh1 Rc8 20. exf7+ Kxf7
21. f4 Bc1 22. Qe1 Qc2 23. Bg5 Qxe4 24. Bg4 Qxe1 25. Rxe1 Rc7 26. Bxe7 Bxf4 27.
Bd8 Rc5 28. Rf1 Nc6 29. Rxf4+ Ke8 30. Bb6 Rc1+ 31. Bg1 Ne5 32. h3 h5 33. Bf3 b5
34. Bd5 a5 35. Kh2 a4 36. Rb4 g5 37. Be3 Rd1 38. Rd4 Rb1 39. Bxg5 b4 40. Be6 Rb2
41. Kg3 Nf7 42. Bf4 Ne5 43. Rd2 a3 44. Rxd6 h4+ 45. Kxh4 Ng6+ 46. Kg3 Nxf4 47.
Kxf4 Rxg2 48. Rb6 1-0

[Event "33rd Zalakaros Open 2014"]
[Site "Zalakaros HUN"]
[Date "2014.05.31"]
[Round "9.25"]
[White "Goczo, Melinda"]
[Black "Madl, Ildiko"]
[Result "0-1"]
[WhiteTitle "WIM"]
[BlackTitle "IM"]
[WhiteElo "2229"]
[BlackElo "2328"]
[WhiteFideId "711985"]
[BlackFideId "700550"]
[EventDate "2014.05.23"]
[EventType "swiss"]

1. d4 d5 2. Nf3 Nf6 3. c4 c6 4. e3 Bg4 5. Nc3 e6 6. h3 Bh5 7. g4 Bg6 8. Qb3 Qb6
9. c5 Qc7 10. Ne5 Nbd7 11. Nxg6 hxg6 12. g5 Ng8 13. f4 Ne7 14. Bd2 Nf5 15. Bd3
Be7 16. O-O-O b6 17. cxb6 axb6 18. Qc2 Bd6 19. Kb1 Qa7 20. Rde1 b5 21. b3 Ke7
22. Rh2 Nb6 23. Bc1 Qa5 24. Rd1 Rhc8 25. Bxf5 exf5 26. Ne2 Nd7 27. Nc3 Nb6 28.
Ne2 b4 29. Qb2 Qb5 30. Ng1 Ra5 31. Qe2 Qxe2 32. Rxe2 Rh8 33. Rc2 Kd7 34. Bd2 Ra6
35. Bc1 Nc8 36. Rh2 Na7 37. Bb2 Nb5 38. Ne2 Re8 39. Rd3 Bc7 40. h4 Rh8 41. Rd1
Raa8 42. Nc1 Rae8 43. Rh3 Nd6 44. Nd3 Ne4 45. Rc1 Bd6 46. Rc2 Rh5 47. Ne1 f6 48.
Nf3 fxg5 49. fxg5 Reh8 50. Rg2 Ke6 51. Rh1 Bg3 52. Rhg1 Bf2 53. Rc1 Rc8 54. Ne5
Bxe3 55. Re1 f4 56. Rxe3 fxe3 57. Nxg6 Kd6 58. Re2 Re8 59. Ne5 Rxh4 60. Rxe3
Rh1+ 61. Kc2 Rh2+ 62. Kb1 Rf8 63. Re1 Rff2 64. Nd3 Rd2 65. Re3 Nc3+ 66. Bxc3
bxc3 67. Nc1 c2+ 68. Kb2 Rxd4 69. a4 Rd1 70. Rc3 d4 0-1

[Event "33rd Zalakaros Open 2014"]
[Site "Zalakaros HUN"]
[Date "2014.05.31"]
[Round "9.27"]
[White "Vajda, Szidonia"]
[Black "Erdos, Boglarka"]
[Result "1-0"]
[WhiteTitle "IM"]
[WhiteElo "2352"]
[BlackElo "2185"]
[WhiteFideId "723894"]
[BlackFideId "727458"]
[EventDate "2014.05.23"]
[EventType "swiss"]

1. e4 c6 2. d4 d5 3. Nc3 h6 4. f3 dxe4 5. fxe4 e5 6. dxe5 Qxd1+ 7. Nxd1 Be6 8.
Nf3 Bc5 9. Be3 Nd7 10. Bd3 O-O-O 11. O-O Ne7 12. Nd4 Bxd4 13. Bxd4 Ng6 14. Be2
Ngxe5 15. Ne3 f6 16. a4 Kb8 17. a5 c5 18. Bc3 Nc6 19. Nf5 Bxf5 20. exf5 Nde5 21.
Ra4 Rd6 22. Re4 Rhd8 23. Bh5 Nd4 24. Rf2 Rd5 25. h3 Nec6 26. Bf7 Re5 27. Rg4 Re7
28. Bh5 Rdd7 29. Rg3 Re4 30. Kf1 Rde7 31. Rd3 Nb4 32. Bxb4 cxb4 33. Rfd2 Nxf5
34. Bf3 Re1+ 35. Kf2 R1e5 36. Rd7 Rxd7 37. Rxd7 Re7 38. Rd5 Re5 39. Rd7 Re7 40.
Rd5 Nh4 41. Bg4 Ng6 42. Rd1 b3 43. c3 Re5 44. Rd8+ Kc7 45. Rd7+ Kb8 46. Rxg7 Nf4
47. Rg8+ Kc7 48. Rc8+ Kd6 49. Rd8+ Kc6 50. Bf3+ Kc7 51. Rd4 Ne6 52. Rb4 Nc5 53.
Kg3 Rg5+ 54. Kh4 b6 55. axb6+ axb6 56. g4 f5 57. Bd1 fxg4 58. hxg4 Kc6 59. Bxb3
Nxb3 60. Rxb3 Kc5 61. Rb4 b5 62. Rf4 Rg6 63. Kh5 Rb6 64. b3 Ra6 65. b4+ Kd5 66.
Rf5+ Kc4 67. Rc5+ Kd3 68. Rxb5 Kxc3 69. Rb8 Kc4 70. b5 Rd6 71. b6 Kc5 72. b7 Kc6
73. Rh8 Kxb7 74. Rxh6 Rd1 75. Re6 Kc7 76. g5 Kd7 77. Re4 Kd8 78. g6 Rh1+ 79. Kg5
Rg1+ 80. Kf6 Rf1+ 81. Kg7 Kd7 82. Kg8 Kd6 83. g7 Kd7 84. Kh7 Rh1+ 85. Kg6 Rg1+
86. Kf6 Rf1+ 87. Kg5 1-0

[Event "33rd Zalakaros Open 2014"]
[Site "Zalakaros HUN"]
[Date "2014.05.31"]
[Round "9.28"]
[White "Peczely, Sebastian Zsombor"]
[Black "Csonka, Attila Istvan"]
[Result "0-1"]
[BlackTitle "IM"]
[WhiteElo "2200"]
[BlackElo "2351"]
[WhiteFideId "750964"]
[BlackFideId "716529"]
[EventDate "2014.05.23"]
[EventType "swiss"]

1. e4 c5 2. Ne2 Nc6 3. d4 cxd4 4. Nxd4 e6 5. Nb5 d6 6. Bf4 e5 7. Be3 a6 8. N5c3
Nf6 9. Bg5 Be6 10. a4 Be7 11. Na3 Rc8 12. Bxf6 Bxf6 13. Nc4 Nd4 14. Nd5 Bxd5 15.
exd5 O-O 16. c3 Nf5 17. Qf3 Nh4 18. Qe2 e4 19. g3 Nf3+ 20. Kd1 b5 21. axb5 axb5
22. Qxe4 bxc4 23. Qxf3 Qb6 24. Qe2 Rfe8 25. Qc2 Re5 26. Bg2 Rce8 27. h4 g6 28.
Rb1 Qa7 29. Qd2 Qa4+ 30. Kc1 Re2 31. Qd1 Qa7 32. Rf1 Bxc3 33. Bf3 Bxb2+ 0-1

[Event "33rd Zalakaros Open 2014"]
[Site "Zalakaros HUN"]
[Date "2014.05.31"]
[Round "9.30"]
[White "Maroroa, Sue"]
[Black "Papp, Petra"]
[Result "1/2-1/2"]
[WhiteTitle "WIM"]
[BlackTitle "WGM"]
[WhiteElo "2131"]
[BlackElo "2292"]
[WhiteFideId "4301498"]
[BlackFideId "739049"]
[EventDate "2014.05.23"]
[EventType "swiss"]

1. e4 c5 2. Nf3 d6 3. Bb5+ Nd7 4. O-O a6 5. Bd3 Qc7 6. c3 Ngf6 7. Bc2 c4 8. b3
b5 9. a4 Bb7 10. axb5 axb5 11. Rxa8+ Bxa8 12. Na3 cxb3 13. Bxb3 Bxe4 14. Ng5 Bg6
15. Nxb5 Qc5 1/2-1/2

[Event "33rd Zalakaros Open 2014"]
[Site "Zalakaros HUN"]
[Date "2014.05.31"]
[Round "9.31"]
[White "Szalanczy, Emil"]
[Black "Dankhazi, Andras"]
[Result "0-1"]
[WhiteTitle "IM"]
[WhiteElo "2266"]
[BlackElo "2203"]
[WhiteFideId "700347"]
[BlackFideId "714267"]
[EventDate "2014.05.23"]
[EventType "swiss"]

1. e4 e5 2. Nf3 Nc6 3. Bb5 Nf6 4. O-O Nxe4 5. d4 Nd6 6. Ba4 e4 7. Ne5 Be7 8. Nc3
O-O 9. Nd5 Nf5 10. c3 Nxe5 11. dxe5 d6 12. Bc2 dxe5 13. Bxe4 c6 14. Nxe7+ Nxe7
15. Qb3 Qc7 16. Bg5 Be6 17. c4 f6 18. Bh4 Rad8 19. f3 Rd4 20. Bf2 Bxc4 21. Qa3
Bxf1 22. Rxf1 b6 23. Bxd4 exd4 24. f4 c5 25. Qh3 f5 26. Bd3 Qd7 27. Bc4+ Kh8 28.
Re1 Nd5 29. Re5 Nxf4 30. Qf3 Ng6 31. Re6 b5 0-1

[Event "33rd Zalakaros Open 2014"]
[Site "Zalakaros HUN"]
[Date "2014.05.31"]
[Round "9.32"]
[White "Varga, Klara"]
[Black "Kantor, Gergely"]
[Result "1-0"]
[WhiteTitle "WIM"]
[BlackTitle "FM"]
[WhiteElo "2260"]
[BlackElo "2380"]
[WhiteFideId "733210"]
[BlackFideId "751499"]
[EventDate "2014.05.23"]
[EventType "swiss"]

1. Nf3 d5 2. g3 c6 3. Bg2 Bg4 4. c4 e6 5. O-O Nf6 6. b3 Nbd7 7. Bb2 Bd6 8. d3
O-O 9. Nbd2 a5 10. a3 Qe7 11. h3 Bh5 12. Qc2 e5 13. Nh4 Qe6 14. e4 dxe4 15. dxe4
Bc5 16. Nf5 Bg6 17. g4 h5 18. Bf3 hxg4 19. hxg4 Nh7 20. Kg2 Ng5 21. Rh1 Rfd8 22.
Nf1 Nf6 23. N1g3 Rd7 24. Rad1 Rad8 25. Rxd7 Rxd7 26. Qc3 Nxf3 27. Kxf3 Bd4 28.
Qc1 Bxb2 29. Qxb2 Nh7 30. Qc3 b6 31. Kg2 c5 32. b4 cxb4 33. axb4 axb4 34. Qxb4
f6 35. Ra1 Be8 36. Ra6 Rc7 37. Rxb6 Bc6 38. Rb8+ Kf7 39. Nd6+ Kg6 40. Ngf5 Ng5
41. f3 Ra7 42. Rh8 Ra2+ 43. Kg3 Nxf3 44. Kxf3 Bxe4+ 45. Nxe4 1-0

[Event "33rd Zalakaros Open 2014"]
[Site "Zalakaros HUN"]
[Date "2014.05.31"]
[Round "9.33"]
[White "Terbe, Julianna"]
[Black "Kozak, Adam"]
[Result "0-1"]
[WhiteElo "2130"]
[BlackElo "2210"]
[WhiteFideId "708780"]
[BlackFideId "753246"]
[EventDate "2014.05.23"]
[EventType "swiss"]

1. e4 e5 2. Nf3 Nc6 3. Be2 Nf6 4. d3 d5 5. exd5 Nxd5 6. O-O Be7 7. c4 Nf6 8. Nc3
O-O 9. Be3 Bg4 10. Rb1 Bf5 11. a3 Qd6 12. b4 Rad8 13. c5 Qe6 14. Rb2 e4 15. Ne1
exd3 16. Nxd3 Qc4 17. b5 Na5 18. Rb4 Qxc3 19. Bd2 Qxa3 20. Ra4 Qb3 21. Bxa5 Qxb5
22. Nf4 Qxc5 23. Qa1 Bd6 24. Bc3 b5 25. Rd4 Ne4 26. Bb4 Qe5 27. g3 c5 28. Rd5
Qxa1 29. Rxa1 Be6 30. Ba5 Bxd5 31. Bxd8 Bxf4 0-1

[Event "33rd Zalakaros Open 2014"]
[Site "Zalakaros HUN"]
[Date "2014.05.31"]
[Round "9.34"]
[White "Hrbolka, Ladislav"]
[Black "Juhasz, Barbara"]
[Result "0-1"]
[WhiteTitle "FM"]
[BlackTitle "WFM"]
[WhiteElo "2110"]
[BlackElo "2161"]
[WhiteFideId "300772"]
[BlackFideId "743585"]
[EventDate "2014.05.23"]
[EventType "swiss"]

1. d4 Nf6 2. Nf3 g6 3. g3 Bg7 4. Bg2 O-O 5. O-O d6 6. c4 Nbd7 7. Nc3 e5 8. e4 c6
9. h3 Qb6 10. c5 dxc5 11. dxe5 Ne8 12. Be3 Nc7 13. Qc2 Ne6 14. Na4 Qa5 15. Rfd1
Re8 16. Rab1 Bf8 17. a3 b5 18. Nxc5 Ndxc5 19. b4 Qa4 20. Qc1 Na6 21. Qxc6 Nac7
22. Ng5 Qa6 23. Qxa6 Nxa6 24. Bf1 Nac7 25. Rbc1 a6 26. f4 Nxg5 27. Rxc7 Ne6 28.
Rc3 Bb7 29. f5 gxf5 30. exf5 Ng7 31. g4 Rxe5 32. Rd7 Rc8 33. Rxc8 Bxc8 34. Rd3
Bb7 35. Kf2 Ne8 36. Rd8 Nf6 37. Bd4 Ne4+ 38. Ke3 Re7 39. Kf4 f6 40. Rb8 Nd2 41.
Bd3 Rd7 42. Bxf6 Kf7 43. Be5 Bg2 44. Be2 Nc4 45. Bxc4+ bxc4 46. g5 Rd3 47. h4
Rf3+ 48. Kg4 Re3 49. g6+ hxg6 50. fxg6+ Kxg6 51. Rb6+ Kf7 52. Kf4 Rxa3 53. Rf6+
Ke7 54. Rg6 Bd5 55. h5 Bf7 56. Rc6 Bd5 57. Rd6 Be6 58. Kg5 Kf7 59. Rb6 Be7+ 60.
Kf4 Rh3 61. Rb7 Rh4+ 62. Kg3 Rg4+ 63. Kf2 Bd5 64. Ra7 Ke6 65. Bc3 Bh4+ 66. Ke2
Rg2+ 67. Kf1 Rc2 68. Rxa6+ Kf5 69. h6 Bf3 0-1

[Event "33rd Zalakaros Open 2014"]
[Site "Zalakaros HUN"]
[Date "2014.05.31"]
[Round "9.35"]
[White "Havanecz, Bianka"]
[Black "Szamoskozi, Gabor"]
[Result "0-1"]
[BlackTitle "FM"]
[WhiteElo "2195"]
[BlackElo "2358"]
[WhiteFideId "704814"]
[BlackFideId "719056"]
[EventDate "2014.05.23"]
[EventType "swiss"]

1. d4 d5 2. c4 c6 3. Nf3 Nf6 4. Nc3 a6 5. e3 b5 6. c5 g6 7. Ne5 Bg7 8. Be2 O-O
9. O-O Nfd7 10. f4 Nxe5 11. fxe5 f6 12. exf6 Bxf6 13. Bd2 e5 14. Be1 Qe7 15. Bf2
Nd7 16. Bf3 e4 17. Bg4 Bg5 18. Qe2 h5 19. Bh3 Nf6 20. Bxc8 Raxc8 21. Bg3 Ng4 22.
Nd1 Rxf1+ 23. Kxf1 Rf8+ 24. Kg1 Qe6 25. h3 Nh6 26. a4 Nf5 27. Be5 Bf6 28. Bf4
Bxd4 29. axb5 axb5 30. exd4 Nxd4 31. Qf2 e3 32. Nxe3 Rxf4 33. Ra8+ Kg7 34. Ra7+
Rf7 35. Rxf7+ Qxf7 36. Qd2 Nb3 37. Qd1 d4 38. Nf1 Qd5 0-1